LEADER 01090nam--2200373---450- 001 990001224890203316 005 20070529111154.0 035 $a000122489 035 $aUSA01000122489 035 $a(ALEPH)000122489USA01 035 $a000122489 100 $a20031028d1971----km-y0itay0103----ba 101 0 $aita 102 $aIT 105 $a||||||||001yy 200 1 $aOppure, niente$fSergio Antonielli 210 $aMilano$cMondadori$d1971 215 $a233 p.$d21 cm 225 2 $aScrittori italiani e stranieri 410 0$12001$aScrittori italiani e stranieri 454 1$12001 461 1$1001-------$12001 700 1$aANTONIELLI,$bSergio$0164243 801 0$aIT$bsalbc$gISBD 912 $a990001224890203316 951 $aVI.3. Coll. 7/ 13(Varie coll. 70/26)$b64445 L.M.$cVarie-coll. 959 $aBK 969 $aUMA 979 $aSIAV7$b10$c20031028$lUSA01$h1203 979 $aPATRY$b90$c20040406$lUSA01$h1727 979 $aCOPAT3$b90$c20050105$lUSA01$h1624 979 $aCOPAT1$b90$c20070529$lUSA01$h1111 996 $aOppure, niente$9914602 997 $aUNISA LEADER 01152nam2-2200385li-450 001 990000122210203316 005 20180312154828.0 010 $a0-201-07956-9 035 $a0012221 035 $aUSA010012221 035 $a(ALEPH)000012221USA01 035 $a0012221 100 $a20001109d1989----km-y0itay0103----ba 101 0 $aeng 102 $aUS 200 1 $aQuantum phenomena$fSupriyo Datta 210 $aReading (Mass.) [etc.]$cAddison-Wesley$dcopyr. 1989 215 $aIX, 278 p.$cill., 24 cm 225 2 $aModular series on solid state devices$v8 410 0$10010012216$12001$aModular series on solid state devices 610 1 $asemiconduttori 610 1 $ateoria dei quanti 676 $a621381$9. 700 1$aDatta,$bSupriyo$0283401 801 $aSistema bibliotecario di Ateneo dell' Università di Salerno$gRICA 912 $a990000122210203316 951 $a621.381 52 DAT$b0000873 959 $aBK 969 $aTEC 979 $c19910325 979 $c20001110$lUSA01$h1711 979 $c20020403$lUSA01$h1620 979 $aPATRY$b90$c20040406$lUSA01$h1609 996 $aQuantum phenomena$91501114 997 $aUNISA